Pays où McDonald's est implantés - Statistiques

Statistiques générales
  • Ce quiz a été pris 322 fois
  • Le résultat moyen est 59 sur 95
Statistiques - réponses
Numéro Pays % Correct
1 États-Unis
99%
9 France
98%
2 Canada
94%
23 Espagne
94%
43 Chine
93%
5 Japon
93%
21 Brésil
92%
35 Mexique
91%
13 Royaume-Uni
89%
32 Italie
88%
53 Maroc
88%
8 Allemagne
87%
46 Portugal
87%
4 Australie
86%
11 Suède
85%
27 Norvège
84%
38 Argentine
83%
20 Belgique
83%
41 Corée du Sud
82%
17 Suisse
82%
30 Finlande
81%
76 Inde
78%
18 Irlande
78%
68 Afrique du Sud
77%
47 Grèce
77%
50 Pologne
77%
37 Turquie
77%
33 Luxembourg
75%
16 Nouvelle-Zélande
75%
6 Pays-Bas
75%
44 Chili
74%
24 Danemark
74%
71 Croatie
72%
82 Ukraine
72%
19 Autriche
71%
66 Colombie
71%
45 Indonésie
71%
59 Égypte
69%
42 Hongrie
69%
75 Lituanie
67%
56 Arabie Saoudite
66%
77 Pérou
66%
64 Roumanie
66%
55 Slovénie
66%
61 Lettonie
65%
67 Slovaquie
65%
31 Thaïlande
65%
34 Venezuela
65%
63 Estonie
64%
51 Monaco
63%
29 Andorre
62%
36 Cuba
62%
62 Émirats arabes unis
61%
54 Israël
60%
69 Qatar
60%
49 République Tchèque
60%
48 Uruguay
60%
60 Bulgarie
58%
40 Serbie
58%
65 Malte
57%
95 Vietnam
56%
3 Costa Rica
55%
26 Malaisie
55%
89 Pakistan
55%
7 Panama
55%
79 Paraguay
55%
83 Chypre
52%
84 Équateur
52%
94 Irak
52%
12 Guatemala
49%
70 Honduras
48%
25 Philippines
48%
74 Liechtenstein
47%
86 Moldavie
46%
22 Singapour
46%
28 Taïwan
46%
88 Liban
45%
87 Nicaragua
45%
58 Oman
44%
85 Suriname
44%
78 Jordanie
43%
10 Salvador
43%
80 République dominicaine
40%
91 Géorgie
39%
57 Koweït
38%
15 Bahamas
37%
92 Azerbaïdjan
34%
52 Bahreïn
34%
73 Fidji
34%
90 Sri Lanka
33%
72 Samoa
22%
81 Trinité-et-Tobago
21%
93 Maurice
18%
14 Hong Kong
8%
39 Macao
2%
Aucun quiz correspondant
Distribution des résultats
% des personnes avec chaque résultat
Percentile par nombre de réponses
Votre historique - résultats
Vous n’avez pas pris ce quiz